000 00871nam a22002417a 4500
003 UA-OsUOA
001 84054
007 ta
008 20120517b un ||||| |||| 00| 0 ukr d
100 _aПрядко В.В.
700 _aЄвдокименко В.К.
700 _aЮрій Е.О.
090 _a330(477)
_bП85
942 _cSA
040 _aUA-OsUOA
_bukr
_cUA-OsUOA
_dUA-OsUOA
245 _aВдосконалення методики оцінки фінансового стану підприємств у контексті регулюваня їх економічної поведінки в мінливому середовищі
300 _aС.69-81
955 _a0
041 _aukr
080 _a330(477)
773 0 _w84050
_tРегіональна економіка
_dЛьвів
_d2012
_g1
650 7 _a330 Економіка взагалі
_2UDC
999 _c370366
_d370366